000 01465cam a2200337 4500
001 J122868
008 030702n2003 000 0 eng u
035 _a(Sirsi) u122868
041 _aeng
041 _aeng
041 _aeng
050 _a346.41013
_c18
100 _aLand, Howard
245 _aDisability Discrimination Act 1995
_bupdate 2003
_h[sound recording]
260 _aLondon
_bRICS
_c2003
300 _a1 audio CD (ca. 60 min.)
490 _aOwlion Audio Programme
520 _aA new Owlion CD considering various aspects of the Disability Discrimination Act 1995 and including a detailed examination of the reasonable response in respect to surveyors' duty of care to both clients and employees. Warns that any misunderstanding of the requirements of the Act could lead to expensive liability cases and claims against professional indemnity.
650 _aMANAGEMENT-BUSINESS MANAGEMENT-DISCRIMINATION-DISABILITY DISCRIMINATION-ACCESSIBILITY
650 _aDISABILITY DISCRIMINATION ACT 1995
650 _aSURVEYORS' DUTY OF CARE
650 _aSURVEYORS' LIABILITIES
690 _aMANAGEMENT-BUSINESS MANAGEMENT-PROFESSIONAL PRACTICE
700 _aRouge, Elizabeth
700 _aKing, Vivien
700 _aSmith, Neil
710 _aCollege of Estate Management
_9400
710 _aRoyal Institution of Chartered Surveyors
_94900
710 _aRoyal Institution of Chartered Surveyors
_bFaculties and Forums
_94495
942 _n0
999 _c85431
_d85431